000 00617nam a2200181 a 4500
001 000039115
005 20201002031512.0
008 130523s2012 dr 000 0 spa d
020 _a9789945475487
040 _aDO-SdBNP
_bspa
_cBNPHU
082 _axxxx
_bT853g
100 1 _aTroncoso Morales, Bolívar
_910922
245 1 0 _aGeografía del turismo en República Dominicana /
_cBolívar Troncoso Morales.
260 _aSanto Domingo :
_bSección Nacional Dominicana,
_c2012.
300 _a367 p. :
_bils. ;
_c25.
500 _aIncluye datos biográficos del autor en las solapas
504 _aBibliografía : p. 365-367
999 _c38605
_d38605